[Event "DEM U16 2015"]
[Site "Willingen GER"]
[Date "2015.05.26"]
[Round "5"]
[White "Keymer, Vincent"]
[Black "Kololli, Martin"]
[Result "1/2-1/2"]
[Termination "normal"]
[Board "3"]
[WhiteElo "2338"]
[BlackElo "2229"]
[WhiteClock "00:46:14"]
[BlackClock "00:12:06"]
[PlyCount "93"]
[WhiteFideId "12940690"]
[BlackFideId "12936910"]
[EventCountry "GER"]
[EventRounds "9"]
[EventType "swiss"]
[EventDate "2015.05.23"]

1. d4 Nf6 2. c4 e6 3. Nf3 b6 4. a3 Bb7 5. Nc3 Be7 6. Qc2 d5 7. cxd5 Nxd5 8. e4
Nxc3 9. bxc3 O-O 10. Bf4 c5 11. Be2 Nd7 12. Bd3 Rc8 13. Qe2 cxd4 14. cxd4 e5
15. Nxe5 Nxe5 16. dxe5 Rc3 17. Rd1 Bxa3 18. O-O Qe7 19. Bg3 Rd8 20. f4 h6 21.
Bb5 Rxd1 22. Rxd1 Rc1 23. Rxc1 Bxc1 24. Bc4 Kf8 25. h3 Qd7 26. Bd3 Qd4+ 27. Kh2
Be3 28. Qc2 Qa1 29. h4 Bc5 30. Qe2 a5 31. f5 Qg1+ 32. Kh3 Qe3 33. Qd1 Qd4 34.
Qf3 Qe3 35. Qd1 Qd4 36. Qf3 a4 37. e6 fxe6 38. fxe6+ Qf6 39. Qg4 h5 40. Qxh5
Qxe6+ 41. Kh2 Bxe4 42. Qh8+ Kf7 43. Qh5+ Kg8 44. Qe2 Bd5 45. Qh5 Be4 46. Qe2
Bd5 47. Qh5 1/2-1/2

[Event "DEM U16 2015"]
[Site "Willingen GER"]
[Date "2015.05.26"]
[Round "5"]
[White "Vogel, Roven"]
[Black "Sawlin, Leonid"]
[Result "1-0"]
[Termination "normal"]
[Board "4"]
[WhiteElo "2429"]
[BlackElo "2121"]
[WhiteClock "00:11:24"]
[BlackClock "00:09:35"]
[PlyCount "83"]
[WhiteFideId "12908088"]
[BlackFideId "4689542"]
[EventCountry "GER"]
[EventRounds "9"]
[EventType "swiss"]
[EventDate "2015.05.23"]

1. Nf3 g6 2. c4 f5 3. d4 Nf6 4. Nc3 Bg7 5. g3 O-O 6. Bg2 d6 7. O-O Qe8 8. b4
Nc6 9. b5 Nd8 10. Qb3 Kh8 11. a4 c6 12. Ba3 Be6 13. bxc6 bxc6 14. a5 d5 15. Qb4
dxc4 16. Qxe7 Nd5 17. Qxe8 Rxe8 18. Rfc1 Nb7 19. e3 Nxa5 20. Nd2 Rec8 21. Na4
Nb6 22. Nc5 Bd5 23. Bb2 Nb3 24. Ndxb3 cxb3 25. Bxd5 Nxd5 26. Kf1 Bf8 27. Ra5
Bxc5 28. Rcxc5 Rc7 29. Ke2 Rb8 30. Kd3 Kg8 31. h3 Re8 32. Rc1 Nf6 33. d5 Ne4
34. f3 Ng5 35. Rxc6 Rce7 36. d6 Rxe3+ 37. Kc4 Nxf3 38. d7 Nd2+ 39. Kb5 Rf8 40.
Rd6 Rd8 41. Rxd2 Kf7 42. Kc6 1-0

[Event "DEM U16 2015"]
[Site "Willingen GER"]
[Date "2015.05.26"]
[Round "5"]
[White "Bergauz, Noam"]
[Black "Kololli, Kevin"]
[Result "1-0"]
[Termination "normal"]
[Board "5"]
[WhiteElo "2296"]
[BlackElo "2138"]
[WhiteClock "00:24:36"]
[BlackClock "01:14:39"]
[PlyCount "91"]
[WhiteFideId "12938033"]
[BlackFideId "12936863"]
[EventCountry "GER"]
[EventRounds "9"]
[EventType "swiss"]
[EventDate "2015.05.23"]

1. e4 c5 2. Nf3 d6 3. d4 cxd4 4. Nxd4 Nf6 5. Nc3 g6 6. f3 Bg7 7. Be3 O-O 8. g4
Nc6 9. Qd2 Bxg4 10. fxg4 Nxg4 11. Nb3 Nxe3 12. Qxe3 a5 13. a4 d5 14. O-O-O d4
15. Qf2 Rc8 16. Nb5 Qb6 17. Bd3 Nb4 18. h4 h5 19. Kb1 e5 20. Qe2 Qe6 21. Na3
Nxd3 22. Rxd3 Qd7 23. Nb5 b6 24. c3 Rfe8 25. cxd4 exd4 26. N3xd4 Qe7 27. Re1
Qb4 28. Qd2 Qe7 29. Nf3 Red8 30. Nd6 Rb8 31. e5 Qd7 32. Re4 Qc6 33. Rc4 Qd7 34.
Rcd4 Rf8 35. Qe3 Qe6 36. Re4 f5 37. Red4 Rfd8 38. Nc4 Rdc8 39. Ng5 Qc6 40. Qd2
Re8 41. Rc3 Qa8 42. Rd7 Red8 43. Rcd3 Rxd7 44. Rxd7 Qh1+ 45. Ka2 Qxh4 46. Qd5+
1-0

[Event "DEM U16 2015"]
[Site "Willingen GER"]
[Date "2015.05.26"]
[Round "5"]
[White "Nothnagel, Marian Can"]
[Black "Schröder, Kevin"]
[Result "0-1"]
[Termination "normal"]
[Board "6"]
[WhiteElo "1904"]
[BlackElo "2244"]
[WhiteClock "00:07:48"]
[BlackClock "00:27:49"]
[PlyCount "72"]
[WhiteFideId "12921530"]
[BlackFideId "12929840"]
[EventCountry "GER"]
[EventRounds "9"]
[EventType "swiss"]
[EventDate "2015.05.23"]

1. e4 e5 2. Bc4 Nf6 3. d3 c6 4. Nf3 d5 5. Bb3 Bd6 6. exd5 cxd5 7. Bg5 Nbd7 8.
Nc3 d4 9. Ne4 Be7 10. Nxf6+ gxf6 11. Bh6 Nc5 12. Qe2 Nxb3 13. axb3 Rg8 14. Qe4
Rg6 15. Bd2 Qd7 16. g3 Qg4 17. Qxg4 Bxg4 18. Nh4 Rg8 19. f4 Kd7 20. f5 Bh3 21.
Ke2 a6 22. c4 Rg4 23. Rhg1 h5 24. b4 Rc8 25. Ra5 Rcg8 26. Raa1 Bd8 27. Kf3 Re8
28. Rge1 Rxh4 29. gxh4 Bxf5 30. Ra3 Rg8 31. b5 axb5 32. cxb5 Be6 33. Kf2 Rg4
34. h3 Rxh4 35. Ra7 Rxh3 36. Bb4 Bd5 0-1

[Event "DEM U16 2015"]
[Site "Willingen GER"]
[Date "2015.05.26"]
[Round "5"]
[White "Rinck, Michael"]
[Black "Gretz, Denis"]
[Result "1-0"]
[Termination "normal"]
[Board "7"]
[WhiteElo "1857"]
[BlackElo "2241"]
[WhiteClock "00:20:54"]
[BlackClock "00:15:47"]
[PlyCount "71"]
[WhiteFideId "24690104"]
[BlackFideId "12945188"]
[EventCountry "GER"]
[EventRounds "9"]
[EventType "swiss"]
[EventDate "2015.05.23"]

1. c4 f5 2. Nc3 Nf6 3. g3 g6 4. Bg2 Bg7 5. d3 d6 6. e4 fxe4 7. dxe4 c5 8. Nge2
Nc6 9. O-O O-O 10. h3 e5 11. Bg5 Nd4 12. Nd5 Be6 13. Nxd4 exd4 14. Nxf6+ Bxf6
15. Bxf6 Qxf6 16. Qd3 Qf7 17. b3 Qd7 18. Kh2 Rab8 19. a4 a6 20. a5 b5 21. axb6
Rxb6 22. Ra3 Rfb8 23. f4 Rb4 24. f5 Bf7 25. h4 a5 26. Bh3 Qb7 27. fxg6 hxg6 28.
Qf3 Re8 29. h5 gxh5 30. Bf5 Kg7 31. g4 Qe7 32. Rxa5 Qh4+ 33. Kg2 hxg4 34. Bxg4
Bg6 35. Ra7+ Kg8 36. Be6+ 1-0

[Event "DEM U16 2015"]
[Site "Willingen GER"]
[Date "2015.05.26"]
[Round "5"]
[White "Ehmann, Thilo"]
[Black "Rausch, Adrian"]
[Result "1/2-1/2"]
[Termination "normal"]
[Board "8"]
[WhiteElo "2234"]
[BlackElo "1929"]
[WhiteClock "00:58:36"]
[BlackClock "00:16:14"]
[PlyCount "110"]
[WhiteFideId "12940968"]
[BlackFideId "12929069"]
[EventCountry "GER"]
[EventRounds "9"]
[EventType "swiss"]
[EventDate "2015.05.23"]

1. e4 e6 2. d4 d5 3. Nd2 Nf6 4. Bd3 c5 5. e5 Nfd7 6. c3 Nc6 7. Ngf3 Be7 8. O-O
g5 9. dxc5 Nxc5 10. Bb5 a6 11. Bxc6+ bxc6 12. Nd4 Qc7 13. N2f3 g4 14. Ne1 a5
15. Nb3 Ba6 16. Qxg4 Bxf1 17. Kxf1 Nxb3 18. axb3 Qxe5 19. Qa4 Kd7 20. Nf3 Qe4
21. Qxe4 dxe4 22. Ne5+ Kc7 23. Nxf7 Rhf8 24. Ng5 Bxg5 25. Bxg5 Rf5 26. Be3 Rb5
27. b4 Kb7 28. Bc5 axb4 29. Rxa8 Kxa8 30. cxb4 Rb7 31. Ke2 Rg7 32. g3 h5 33.
Ke3 Rg5 34. h3 Kb7 35. Kxe4 Kc7 36. Be3 Rd5 37. g4 hxg4 38. hxg4 Kd7 39. Bd4
Ke7 40. f4 Kf7 41. Kd3 Kg6 42. Kc4 Rb5 43. Bc5 Kf6 44. Kd4 Rb7 45. Ke4 Rd7 46.
Bd4+ Kg6 47. Bc3 Rd5 48. Be5 Rd7 49. f5+ exf5+ 50. gxf5+ Kf7 51. Bd4 Rd5 52. f6
Ke6 53. Kd3 Kf7 54. Kc4 Rb5 55. b3 Ke6 1/2-1/2

[Event "DEM U16 2015"]
[Site "Willingen GER"]
[Date "2015.05.26"]
[Round "5"]
[White "Gschnitzer, Adrian"]
[Black "Krüger, David"]
[Result "1-0"]
[Termination "normal"]
[Board "9"]
[WhiteElo "2127"]
[BlackElo "1905"]
[WhiteClock "00:16:08"]
[BlackClock "00:47:12"]
[PlyCount "91"]
[WhiteFideId "1270337"]
[BlackFideId "12921858"]
[EventCountry "GER"]
[EventRounds "9"]
[EventType "swiss"]
[EventDate "2015.05.23"]

1. e4 e5 2. Nf3 Nc6 3. d4 exd4 4. Nxd4 Nf6 5. Nc3 Bc5 6. Be3 Bb6 7. Be2 O-O 8.
O-O Re8 9. Bf3 Ne5 10. Bg5 h6 11. Bh4 Bxd4 12. Qxd4 Nxf3+ 13. gxf3 g5 14. Bg3
Nh5 15. e5 Re6 16. Qg4 Nxg3 17. Qxg3 d5 18. Rad1 c6 19. Ne4 Rg6 20. Nf6+ Kg7
21. Kh1 Qa5 22. a3 Bf5 23. c3 Qa4 24. Rd4 Qb5 25. Rg1 Qxb2 26. h4 Qxc3 27. Rdd1
gxh4 28. Qf4 Qc2 29. Rc1 Rxg1+ 30. Rxg1+ Bg6 31. Ng4 Rh8 32. Ne3 Qd3 33. Nf5+
Kf8 34. Rxg6 fxg6 35. Nd6+ Ke7 36. Qf6+ Kd7 37. Qf7+ Kd8 38. Nxb7+ Kc8 39. Nd6+
Kd8 40. Nb7+ Kc8 41. Nd6+ Kd8 42. Qf6+ Kd7 43. Kh2 Rh7 44. Nf7 Qf5 45. Qd8+ Ke6
46. Qe8# 1-0

[Event "DEM U16 2015"]
[Site "Willingen GER"]
[Date "2015.05.26"]
[Round "5"]
[White "Herbrig, Alexander"]
[Black "Schmekel, Florian"]
[Result "1/2-1/2"]
[Termination "normal"]
[Board "10"]
[WhiteElo "2025"]
[BlackElo "1881"]
[PlyCount "71"]
[WhiteFideId "12952044"]
[BlackFideId "12913456"]
[EventCountry "GER"]
[EventRounds "9"]
[EventType "swiss"]
[EventDate "2015.05.23"]

1. e4 c5 2. Nf3 Nc6 3. d4 cxd4 4. Nxd4 g6 5. c4 Nf6 6. Nc3 d6 7. Be2 Nxd4 8.
Qxd4 Bg7 9. Be3 O-O 10. Qd2 Be6 11. Rc1 Qa5 12. O-O a6 13. f3 Rfc8 14. b3 b5
15. Nb1 Qxd2 16. Nxd2 bxc4 17. Nxc4 Nd7 18. Rfd1 a5 19. Rc2 a4 20. b4 Rc7 21.
Rdc1 Rac8 22. Bd3 d5 23. exd5 Bxd5 24. a3 e6 25. b5 Bxc4 26. Rxc4 Rxc4 27. Rxc4
Rxc4 28. Bxc4 Bb2 29. b6 Bxa3 30. Bb5 Bc5 31. Bxc5 Nxc5 32. Bxa4 Kf8 33. Kf2
Ke7 34. Ke3 e5 35. g4 g5 36. Bb5 1/2-1/2

[Event "DEM U16 2015"]
[Site "Willingen GER"]
[Date "2015.05.26"]
[Round "5"]
[White "Tiarks, Jann-Christian"]
[Black "Greßmann, Moritz"]
[Result "1-0"]
[Termination "normal"]
[Board "11"]
[WhiteElo "1806"]
[BlackElo "2022"]
[PlyCount "69"]
[WhiteFideId "12951595"]
[BlackFideId "24695084"]
[EventCountry "GER"]
[EventRounds "9"]
[EventType "swiss"]
[EventDate "2015.05.23"]

1. c4 Nf6 2. Nc3 e5 3. g3 d5 4. cxd5 Nxd5 5. Bg2 Nb6 6. Nf3 Nc6 7. O-O Be7 8.
b3 O-O 9. Bb2 Be6 10. Rc1 f6 11. d3 Qd7 12. Re1 Rad8 13. Ne4 Bf7 14. Nfd2 Bh5
15. Nc5 Bxc5 16. Rxc5 Nb4 17. Qa1 c6 18. Ba3 Na6 19. Ra5 Rfe8 20. Qc1 Qc7 21.
Bxc6 Nd7 22. Rxa6 bxc6 23. Rxc6 Qb7 24. Rc7 Qa6 25. Qc4+ Qxc4 26. Nxc4 Nb6 27.
f3 Rd7 28. Rxd7 Nxd7 29. Rc1 Rc8 30. Nd6 Rxc1+ 31. Bxc1 Nb6 32. Be3 Nd5 33.
Bxa7 Nc3 34. Kf2 Nxa2 35. Bc5 1-0

[Event "DEM U16 2015"]
[Site "Willingen GER"]
[Date "2015.05.26"]
[Round "5"]
[White "Ronge, Tim"]
[Black "Ramien, David"]
[Result "0-1"]
[Termination "normal"]
[Board "12"]
[WhiteElo "1943"]
[BlackElo "1965"]
[PlyCount "112"]
[WhiteFideId "12955418"]
[BlackFideId "12948241"]
[EventCountry "GER"]
[EventRounds "9"]
[EventType "swiss"]
[EventDate "2015.05.23"]

1. d4 Nf6 2. c4 g6 3. Nc3 Bg7 4. e4 d6 5. f3 O-O 6. Be3 Nc6 7. Nge2 a6 8. Qd2
Rb8 9. Rc1 Bd7 10. Nd1 Re8 11. Nf2 e6 12. g3 Bf8 13. b4 d5 14. c5 e5 15. Bg2
exd4 16. Nxd4 Ne5 17. Bg5 Nc4 18. Qf4 Nh5 19. Bxd8 Nxf4 20. gxf4 Rbxd8 21. O-O
Bh6 22. Ne2 Ne3 23. Rfe1 Bb5 24. Nc3 Bxf4 25. Rb1 d4 26. Nxb5 axb5 27. Nd3 Bh6
28. f4 Ra8 29. Re2 Ra3 30. Rb3 Rea8 31. e5 Nxg2 32. Kxg2 Rxa2 33. Rbb2 Rxb2 34.
Rxb2 Ra3 35. Rd2 g5 36. f5 g4 37. Rd1 Be3 38. Kg3 Ra2 39. Nf4 Rxh2 40. Kxh2
Bxf4+ 41. Kg2 Bxe5 42. Re1 f6 43. Rh1 d3 44. Rd1 h5 45. Rxd3 Kg7 46. Rd8 Kh6
47. Rg8 Bc3 48. Kg3 Bxb4 49. Rg6+ Kh7 50. Rxf6 Bxc5 51. Re6 b4 52. Kh4 b3 53.
Re2 Kh6 54. Re6+ Kg7 55. Kxh5 b2 56. Re1 g3 0-1

[Event "DEM U16 2015"]
[Site "Willingen GER"]
[Date "2015.05.26"]
[Round "5"]
[White "Philipp, Mathias"]
[Black "Niermann, Tristan"]
[Result "0-1"]
[Termination "normal"]
[Board "13"]
[WhiteElo "1775"]
[BlackElo "1855"]
[PlyCount "118"]
[WhiteFideId "12958883"]
[BlackFideId "12990698"]
[EventCountry "GER"]
[EventRounds "9"]
[EventType "swiss"]
[EventDate "2015.05.23"]

1. e4 e5 2. Nf3 Nc6 3. d4 exd4 4. Nxd4 Nf6 5. Nxc6 bxc6 6. e5 Qe7 7. Qe2 Nd5 8.
c4 Nb6 9. Nc3 a5 10. f4 Qe6 11. Qe4 g6 12. Bd2 a4 13. Bd3 Bg7 14. c5 Nd5 15.
Bc4 Nxc3 16. Bxc3 Qe7 17. Bd4 Ba6 18. Bxa6 Rxa6 19. O-O-O f5 20. Qd3 Ra8 21.
Qc4 Qe6 22. Qxe6+ dxe6 23. Bc3 Ke7 24. a3 Bh6 25. Bd2 Rhd8 26. Be3 Rd5 27. Rxd5
cxd5 28. g3 Kd7 29. h4 Rg8 30. b4 axb3 31. Kb2 Kc6 32. Kxb3 Bf8 33. Rc1 Be7 34.
a4 h6 35. Kb4 Rd8 36. Bd4 Rb8+ 37. Ka3 Rh8 38. Be3 Bf8 39. Kb4 Be7 40. Ka3 Rg8
41. Kb4 Kb7 42. Kb5 c6+ 43. Kb4 Ka6 44. Rh1 Bd8 45. Ka3 h5 46. Bd2 Bc7 47. Kb3
Rb8+ 48. Kc2 Bd8 49. Bc3 Ba5 50. Bxa5 Kxa5 51. Kc3 Rb4 52. Ra1 Rc4+ 53. Kd3 Rb4
54. Kc3 Rxa4 55. Rb1 d4+ 56. Kd3 Rb4 57. Ra1+ Kb5 58. Ra7 Kxc5 59. Rd7 Rb3+ 0-1

[Event "DEM U16 2015"]
[Site "Willingen GER"]
[Date "2015.05.26"]
[Round "5"]
[White "Hartge, Gedeon"]
[Black "Ngo, Minh Duc"]
[Result "0-1"]
[Termination "normal"]
[Board "14"]
[WhiteElo "1870"]
[BlackElo "2040"]
[PlyCount "124"]
[WhiteFideId "12932116"]
[BlackFideId "12942693"]
[EventCountry "GER"]
[EventRounds "9"]
[EventType "swiss"]
[EventDate "2015.05.23"]

1. d4 d5 2. c4 c6 3. Nf3 e6 4. b3 Bd6 5. Qc2 f5 6. g3 Nf6 7. Bg2 O-O 8. O-O Bd7
9. Ba3 Qc7 10. Bxd6 Qxd6 11. Nc3 Be8 12. Rad1 Nbd7 13. Qb2 Bh5 14. Ne1 Rae8 15.
Na4 Rc8 16. Nd3 b6 17. Rc1 Qe7 18. Rfe1 g5 19. Rc2 Rfe8 20. Rec1 dxc4 21. bxc4
e5 22. Nb4 e4 23. a3 f4 24. Qb3 Kh8 25. Qc3 Kg8 26. Qb3 Kg7 27. Qc3 Kf8 28. e3
f3 29. Bh3 a5 30. Na2 Bg4 31. Bf1 Qf7 32. Nxb6 Nxb6 33. Qxa5 Nbd7 34. Qxg5 Ke7
35. c5 Qg6 36. Qxg6 hxg6 37. Nb4 Be6 38. a4 Nd5 39. Nxd5+ Bxd5 40. a5 Ra8 41.
a6 Reb8 42. h3 Rb4 43. Ra1 Nf6 44. Kh2 Be6 45. g4 Ra7 46. Kg3 g5 47. Rd2 Kf7
48. Rc2 Kg6 49. Rd2 Nd7 50. Rc2 Rb8 51. Rd2 Rba8 52. Rb2 Kf6 53. Rab1 Ke7 54.
Rb7 Rxb7 55. axb7 Rb8 56. Ba6 Nf6 57. Rb6 Kd7 58. Rb1 Nd5 59. h4 gxh4+ 60. Kxh4
Nc7 61. Kg5 Rg8+ 62. Kh6 Bxg4 0-1

[Event "DEM U16 2015"]
[Site "Willingen GER"]
[Date "2015.05.26"]
[Round "5"]
[White "Haase, Dominik"]
[Black "Rieper, Julian"]
[Result "0-1"]
[Termination "normal"]
[Board "15"]
[WhiteElo "1487"]
[BlackElo "1844"]
[PlyCount "100"]
[WhiteFideId "16208781"]
[BlackFideId "12936960"]
[EventCountry "GER"]
[EventRounds "9"]
[EventType "swiss"]
[EventDate "2015.05.23"]

1. d4 d5 2. c4 c6 3. Nc3 Nf6 4. Bf4 e6 5. e3 Nbd7 6. Qc2 Nh5 7. Bg3 Nxg3 8.
hxg3 Nf6 9. Nf3 Bd6 10. Ng5 h6 11. Bd3 Ng4 12. Nh3 Bd7 13. cxd5 cxd5 14. Ke2
Rc8 15. Qb3 Bc6 16. Rac1 Nf6 17. Nf4 a6 18. Rc2 Qd7 19. Rhc1 O-O 20. Rh1 b5 21.
a3 Ne4 22. Rcc1 Rfe8 23. Rh2 Bf8 24. Rch1 Nxc3+ 25. bxc3 e5 26. Nh3 e4 27. Bb1
Qe7 28. Ba2 Qxa3 29. Qxa3 Bxa3 30. Rb1 a5 31. Nf4 Red8 32. Rh5 g5 33. Nh3 Kg7
34. f4 f6 35. Nf2 Be8 36. Rhh1 Rxc3 37. Kd2 Bb4 38. Rxb4 axb4 39. Rb1 Ra3 40.
Bb3 Bf7 41. Bd1 Rc8 42. Rxb4 Ra2+ 43. Ke1 Rc3 44. Rb3 Rxb3 45. Bxb3 Ra3 46. Bd1
Rxe3+ 47. Kf1 Rxg3 48. Be2 b4 49. fxg5 hxg5 50. Nd1 Ra3 0-1

[Event "DEM U16 2015"]
[Site "Willingen GER"]
[Date "2015.05.27"]
[Round "6"]
[White "Kollars, Dmitrij"]
[Black "Lagunow, Raphael"]
[Result "1-0"]
[Termination "normal"]
[Board "1"]
[WhiteElo "2410"]
[BlackElo "2179"]
[WhiteClock "00:13:11"]
[BlackClock "00:12:17"]
[PlyCount "105"]
[WhiteFideId "12909572"]
[BlackFideId "24652644"]
[EventCountry "GER"]
[EventRounds "9"]
[EventType "swiss"]
[EventDate "2015.05.23"]

1. e4 c5 2. Nf3 Nc6 3. Bb5 a6 4. Bxc6 dxc6 5. O-O Qc7 6. d3 e5 7. Nbd2 f6 8.
Nc4 Be6 9. a4 a5 10. Qe2 Ne7 11. Nh4 g5 12. Nf5 Bxf5 13. exf5 O-O-O 14. Bd2 b6
15. Ra3 Nd5 16. Rb3 Nb4 17. c3 Nd5 18. d4 e4 19. Nxb6+ Nxb6 20. Qa6+ Qb7 21.
Qxa5 Qa8 22. Qxb6 c4 23. Rb4 Bxb4 24. Qxb4 Qa6 25. Qe7 Rhf8 26. Ra1 Rde8 27.
Qd6 Rf7 28. Be3 Rd7 29. Qxf6 Kb7 30. a5 Ka8 31. h3 Rd5 32. Qf7 Rb8 33. f6 Rxa5
34. Rxa5 Qxa5 35. Qxc4 Qb5 36. Qa2+ Kb7 37. Qf7+ Ka6 38. Qc7 Rb7 39. Qc8 Qd5
40. f7 Qxf7 41. Qxc6+ Rb6 42. Qa8+ Kb5 43. Qxe4 Rd6 44. Bxg5 Qd5 45. Qxd5+ Rxd5
46. Be7 Kc4 47. g4 Kd3 48. Kg2 Rd7 49. Ba3 Ke4 50. Bc5 Rb7 51. b4 Kd3 52. f4
Kxc3 53. Kf3 1-0

[Event "DEM U16 2015"]
[Site "Willingen GER"]
[Date "2015.05.27"]
[Round "6"]
[White "Urban, Konstantin"]
[Black "Bergauz, Noam"]
[Result "1/2-1/2"]
[Termination "normal"]
[Board "2"]
[WhiteElo "2206"]
[BlackElo "2296"]
[WhiteClock "00:08:08"]
[BlackClock "00:14:58"]
[PlyCount "96"]
[WhiteFideId "12927511"]
[BlackFideId "12938033"]
[EventCountry "GER"]
[EventRounds "9"]
[EventType "swiss"]
[EventDate "2015.05.23"]

1. e4 e5 2. Nf3 Nc6 3. d4 exd4 4. Nxd4 Nf6 5. Nxc6 bxc6 6. e5 Qe7 7. Qe2 Nd5 8.
c4 Nb6 9. b3 Bb7 10. Bb2 g6 11. Nd2 Bg7 12. f4 c5 13. Nf3 O-O-O 14. O-O-O Rhe8
15. g3 g5 16. Bg2 gxf4 17. gxf4 Bh6 18. Ng5 Bxg5 19. Bxb7+ Kb8 20. Qf3 Bxf4+
21. Qxf4 Kxb7 22. Rhf1 d6 23. exd6 Rxd6 24. Rxd6 cxd6 25. Qxf7 Kc7 26. Qxe7+
Rxe7 27. Kd2 d5 28. cxd5 Nxd5 29. Ba3 Kd6 30. Rc1 Nb4 31. Bxb4 cxb4 32. Kd3 Rg7
33. Rc2 Rg4 34. Rc4 Rg2 35. Rh4 Rxa2 36. Rxh7 a5 37. Kc4 Rc2+ 38. Kb5 Rb2 39.
Rh3 Ra2 40. Rh6+ Ke7 41. Rh7+ Kf6 42. Rh6+ Ke7 43. Ra6 Rb2 44. Ka4 Ra2+ 45. Kb5
Rb2 46. Rxa5 Rxb3 47. Ra4 Rb2 48. Rxb4 Rxh2 1/2-1/2

[Event "DEM U16 2015"]
[Site "Willingen GER"]
[Date "2015.05.27"]
[Round "6"]
[White "Uksini, Bardhyl"]
[Black "Keymer, Vincent"]
[Result "0-1"]
[Termination "normal"]
[Board "3"]
[WhiteElo "2222"]
[BlackElo "2338"]
[WhiteClock "00:02:06"]
[BlackClock "00:38:50"]
[PlyCount "66"]
[WhiteFideId "1628313"]
[BlackFideId "12940690"]
[EventCountry "GER"]
[EventRounds "9"]
[EventType "swiss"]
[EventDate "2015.05.23"]

1. d4 Nf6 2. c4 e6 3. Nf3 d5 4. g3 Be7 5. Bg2 O-O 6. O-O c6 7. Nc3 Nbd7 8. Nd2
b6 9. e4 dxc4 10. Nxc4 Ba6 11. b3 b5 12. Ne3 b4 13. Ne2 Rc8 14. Bb2 Nb6 15. a4
bxa3 16. Bxa3 Bxa3 17. Rxa3 Bxe2 18. Qxe2 Qxd4 19. Rxa7 Nbd7 20. Ra4 Qb6 21.
Qc2 Nc5 22. Rc4 Ncd7 23. Rc1 Ne5 24. Rc3 Rfd8 25. Nc4 Nxc4 26. Rxc4 Ng4 27. Rc5
Qb4 28. Rc4 Qa3 29. Rxc6 Rxc6 30. Qxc6 h6 31. h3 Ne5 32. Qc2 Rd6 33. Qc5 Rd1+
0-1

[Event "DEM U16 2015"]
[Site "Willingen GER"]
[Date "2015.05.27"]
[Round "6"]
[White "Schröder, Kevin"]
[Black "Vogel, Roven"]
[Result "0-1"]
[Termination "normal"]
[Board "4"]
[WhiteElo "2244"]
[BlackElo "2429"]
[WhiteClock "00:02:46"]
[BlackClock "00:35:46"]
[PlyCount "78"]
[WhiteFideId "12929840"]
[BlackFideId "12908088"]
[EventCountry "GER"]
[EventRounds "9"]
[EventType "swiss"]
[EventDate "2015.05.23"]

1. e4 d6 2. d4 Nf6 3. Nc3 g6 4. Bg5 Bg7 5. e5 Nfd7 6. exd6 cxd6 7. Qd2 O-O 8.
Nf3 Nf6 9. O-O-O Bg4 10. Be2 Nc6 11. d5 Na5 12. Bxf6 Bxf6 13. Ne4 Bg7 14. Nd4
Bxd4 15. f3 Bg7 16. fxg4 Rc8 17. Qb4 b5 18. c3 a6 19. Nd2 Qb6 20. Rhe1 Rc5 21.
Bf3 Nc4 22. Rxe7 Bh6 23. Kc2 Nxd2 24. Rxd2 Rc4 25. Qb3 Bxd2 26. Kxd2 Qc5 27. a3
a5 28. Be2 Qxd5+ 29. Ke1 Qg5 30. Bxc4 Qxe7+ 31. Be2 Rb8 32. Kf1 Qe5 33. a4 b4
34. Bb5 Qxh2 35. cxb4 Qf4+ 36. Qf3 Qc1+ 37. Kf2 Qxb2+ 38. Kg3 Qxb4 39. Qf6 Qe1+
0-1

[Event "DEM U16 2015"]
[Site "Willingen GER"]
[Date "2015.05.27"]
[Round "6"]
[White "Kololli, Martin"]
[Black "Gschnitzer, Adrian"]
[Result "1-0"]
[Termination "normal"]
[Board "5"]
[WhiteElo "2229"]
[BlackElo "2127"]
[WhiteClock "00:34:32"]
[BlackClock "00:10:22"]
[PlyCount "57"]
[WhiteFideId "12936910"]
[BlackFideId "1270337"]
[EventCountry "GER"]
[EventRounds "9"]
[EventType "swiss"]
[EventDate "2015.05.23"]

1. e4 c5 2. c3 d5 3. exd5 Qxd5 4. d4 Nc6 5. Nf3 Bg4 6. Be2 e6 7. O-O Nf6 8. Be3
cxd4 9. cxd4 Be7 10. Nc3 Qd6 11. h3 Bh5 12. Qb3 O-O 13. Rfd1 Nd5 14. Nxd5 Qxd5
15. Qxd5 exd5 16. g4 Bg6 17. Ne5 Rfe8 18. Rac1 Rac8 19. Bb5 Nxe5 20. dxe5 Rxc1
21. Rxc1 Rd8 22. Bxa7 b6 23. a4 Bc5 24. a5 Bd4 25. Bxb6 Bxb2 26. Bxd8 Bxc1 27.
a6 d4 28. Bc6 d3 29. Ba5 1-0

[Event "DEM U16 2015"]
[Site "Willingen GER"]
[Date "2015.05.27"]
[Round "6"]
[White "Herbrig, Alexander"]
[Black "Rinck, Michael"]
[Result "1-0"]
[Termination "normal"]
[Board "6"]
[WhiteElo "2025"]
[BlackElo "1857"]
[WhiteClock "00:26:57"]
[BlackClock "00:47:02"]
[PlyCount "83"]
[WhiteFideId "12952044"]
[BlackFideId "24690104"]
[EventCountry "GER"]
[EventRounds "9"]
[EventType "swiss"]
[EventDate "2015.05.23"]

1. e4 e5 2. Nf3 Nc6 3. Bb5 a6 4. Ba4 Nf6 5. O-O Be7 6. Re1 b5 7. Bb3 d6 8. c3
O-O 9. h3 Na5 10. Bc2 c5 11. d4 Qc7 12. Nbd2 cxd4 13. cxd4 Rd8 14. b3 Bb7 15.
Bb2 Nc6 16. Rc1 Qb6 17. Nf1 exd4 18. Nxd4 d5 19. Nxc6 Bxc6 20. e5 Ne4 21. Bd4
Bc5 22. Bxc5 Nxc5 23. Qd4 Bd7 24. Bxh7+ Kxh7 25. Rxc5 Be6 26. Rd1 Rd7 27. Ne3
Rad8 28. b4 Kg8 29. f4 g6 30. g4 f5 31. exf6 Qd6 32. Kg2 Kf7 33. Rdc1 a5 34. a3
axb4 35. axb4 Ra8 36. R1c2 Rda7 37. Rc6 Qd7 38. Kg3 Rb7 39. R2c3 Ra4 40. Nc2
Qd8 41. Re3 Qd7 42. Rcxe6 1-0

[Event "DEM U16 2015"]
[Site "Willingen GER"]
[Date "2015.05.27"]
[Round "6"]
[White "Tiarks, Jann-Christian"]
[Black "Ehmann, Thilo"]
[Result "1/2-1/2"]
[Termination "normal"]
[Board "7"]
[WhiteElo "1806"]
[BlackElo "2234"]
[WhiteClock "00:10:12"]
[BlackClock "00:38:36"]
[PlyCount "152"]
[WhiteFideId "12951595"]
[BlackFideId "12940968"]
[EventCountry "GER"]
[EventRounds "9"]
[EventType "swiss"]
[EventDate "2015.05.23"]

1. e4 c5 2. c3 Qa5 3. Nf3 Nf6 4. e5 Nd5 5. Bc4 e6 6. O-O Be7 7. d4 O-O 8. Nbd2
cxd4 9. cxd4 d6 10. Ne4 Qc7 11. Bxd5 exd5 12. exd6 Bxd6 13. Nxd6 Qxd6 14. Bd2
Nc6 15. Re1 Bg4 16. Bc3 Qg6 17. Qe2 f6 18. Qe3 Rae8 19. Qf4 Qf5 20. Qxf5 Bxf5
21. Rxe8 Rxe8 22. Re1 Rxe1+ 23. Nxe1 b5 24. b4 Nb8 25. f3 Nd7 26. g4 Bb1 27. a3
Nb6 28. Bb2 Kf7 29. Kf2 Kg6 30. Ng2 f5 31. Bc1 fxg4 32. fxg4 Be4 33. Nf4+ Kf7
34. Ne2 Bc2 35. Nc3 a6 36. Kg3 Ke6 37. Kf4 Nc4 38. Kg5 Nd6 39. Kf4 Ne8 40. Kf3
Nf6 41. Bg5 Ne4 42. Nxe4 dxe4+ 43. Ke3 Kd5 44. Be7 Bd1 45. g5 Bg4 46. Bf8 g6
47. Be7 Bf5 48. Bd8 Bd7 49. Bb6 Bc6 50. Bc7 Kc4 51. Ba5 Bd5 52. h4 Kb3 53. Kd2
Kxa3 54. Kc3 Bc4 55. Kc2 Ka4 56. Kc3 Ka3 57. Kc2 Bb3+ 58. Kc3 Ka2 59. Bc7 Bc4
60. Kc2 Bd5 61. Ba5 Be6 62. Bb6 Bd5 63. Ba5 Ka3 64. Kc3 Ka4 65. Kc2 Bb3+ 66.
Kb2 e3 67. Kc3 Bc4 68. d5 Bxd5 69. Kd3 Kb3 70. Kxe3 Kc3 71. Kf4 Kd4 72. Bb6+
Kd3 73. Ke5 Be4 74. Kf4 Bb7 75. Ke5 Ke2 76. Kf4 Kd3 1/2-1/2